Praktické použitie technológie blockchain bakalárska práca

Gespeichert in:
Bibliographische Detailangaben
1. Verfasser: Kaňuch, Andrej
Körperschaft: Fakulta hospodárskej informatiky EU. Katedra aplikovanej informatiky
Weitere Verfasser: Bandurič, Igor, 1980-
Format: Buch
Sprache:Slowakisch
Veröffentlicht: Bratislava 2018
Tags: Tag hinzufügen
Keine Tags, Fügen Sie das erste Tag hinzu!

MARC

LEADER 00000nbm a2200000 4500
001 0245311
005 20181015110308.2
041 0 |a slo 
044 |a SK 
245 1 0 |a Praktické použitie technológie blockchain  |b bakalárska práca  |c Andrej Kaňuch ; školiteľ: Igor Bandurič 
264 1 |a Bratislava  |c 2018 
300 |a 58 s. 
100 1 |a Kaňuch, Andrej 
700 1 |a Bandurič, Igor, 1980- 
710 2 |a Fakulta hospodárskej informatiky EU. Katedra aplikovanej informatiky